000 01239nam a2200325 i 4500
001 000027354
003 DO-SdBNP
005 20260529095351.0
007 ta
008 110331s1987 dr a r 000 0bspa d
040 _aDO-SdBNP
_bspa
_cBNPHU
_erda
041 _aspa
082 4 _a923.57293
_bG633m
_222
100 1 _aMartínez, Bibiana,
_eautor
_4aut.
_954435
245 1 0 _aMáximo Gómez :
_bperfiles humanistas /
_cBibiana Martínez ; presentación de, José Antinoe Fiallo Billini.
264 1 _aSanto Domingo :
_bCentral del Libro,
_c1987.
300 _a81 páginas :
_bilustraciones ;
_c18 cm.
336 _atexto
_btxt
_2rdacontent
337 _asin mediación
_bn
_2rdamedia
338 _avolumen
_bnc
_2rdacarrier
500 _aIncluye referencias bibliográficas y notas al pie de las páginas.
504 _aBibliografía: páginas 79-81
590 _aInventariado, 2018/BT
600 1 0 _aGómez, Máximo,
_d1836-1905
_912249
651 4 _aCuba
_xHistoria
_yGuerra de los diez años, 1868-1878
_911018
651 4 _aCuba
_xHistoria
_yGuerra de independencia, 1895-1898
_911019
700 1 _aFiallo Billini, José Antinoe,
_d1944-
_epresentador
_910159
_4pr.
910 _aValidado. Control de calidad. MMOLINA
942 _2ddc
_cLBS1
999 _c26846
_d26846